000 00319pab a2200133 454500
008 180718b xxu||||| |||| 00| 0 eng d
100 _aKrishnamoorthy B.
245 _aApathy about public health
362 _a1 Dec 93, p.4
650 _a Health Services
650 _aPublic Health
773 _aPatriot
909 _a25743
999 _c25743
_d25743